| 000 | 02862nam0a2200541 4500 | ||
|---|---|---|---|
| 001 | RU\NLR\BIBL_A\022025289 | ||
| 005 | 20231013105212.0 | ||
| 010 | _a978-5-8192-0643-0 | ||
| 021 |
_aRU _bКН-П-23-055532 _9КН-П-23-5587 |
||
| 035 | _a(NLR Aleph) 022025289 | ||
| 090 |
_a12524182 _c12524182 |
||
| 100 | _a20230913d2023 u y0rusy50 ca | ||
| 101 | 0 | _arus | |
| 102 | _aRU | ||
| 105 | _aa|||z|||000zy | ||
| 135 | _acrmn mmmancba | ||
| 181 | 0 |
_ai _baxxe |
|
| 182 | 0 | _an | |
| 182 | 0 | _ab | |
| 200 | 1 |
_aКраеведческий веб-архив в структуре информационных ресурсов библиотеки: модель и возможности реализации _fН. М. Балацкая, М. Б. Мартиросова _gРоссийская Национальная библиотека |
|
| 203 |
_aТекст _bвизуальный _cнепосредственный |
||
| 203 |
_aТекст _bвизуальный _cэлектронный |
||
| 210 |
_aСанкт-Петербург _cИзд-во Российской Национальной библиотеки _d2023 |
||
| 215 |
_a206, [1] с. _cил., табл. _d21 |
||
| 300 | _aЗагл. корешка: Краеведческий веб-архив в структуре библиотеки | ||
| 300 | _aНа 4-й с. обл. 1-й авт.: Балацкая Н. М., канд. пед. наук | ||
| 320 | _aБиблиогр.: с. 194-207 (131 назв.) и в подстроч. примеч. | ||
| 325 | _aКопия доступна в электронной библиотеке РНБ | ||
| 516 | 1 | _aКраеведческий веб-архив в структуре библиотеки | |
| 606 | 1 |
_aБиблиотечное краеведение _xИнформационные технологии _yРоссийская Федерация _92265911 _3RU\NLR\AUTH\6601587808 |
|
| 606 | 1 |
_aЭлектронные архивы _92338260 _3RU\NLR\AUTH\6601621513 |
|
| 686 | 1 | _aЧ735.113.478.9 | |
| 686 | 1 | _aЧ738.3 | |
| 686 | 1 | _aЧ734(2Р)7 | |
| 686 | 1 | _aЧ811.3 | |
| 700 | 1 |
_7ca _8rus _aБалацкая _bН. М. _gНадежда Михайловна _9166664 _3RU\NLR\AUTH\770166711 |
|
| 701 | 1 |
_7ca _8rus _aМартиросова _bМ. Б. _gМаргарита Бедросовна _956867 _3RU\NLR\AUTH\7773939 |
|
| 856 | 0 | _uhttps://vivaldi.nlr.ru/bx000041708/view | |
| 856 | 1 | _uhttps://vivaldi.nlr.ru/bx000041708/cover | |
| 856 | 2 | _uhttps://vivaldi.nlr.ru/bx000041708/text | |
| 942 | _cBOOK | ||
| 980 | _aNB | ||
| 981 | 1 | 8 |
_a(18) Планета РНБ _b(18) Труды сотрудников РНБ |